banner-ar

هولاء علمونى (اقرا 349 ) / (Record no. 49597)

MARC details
000 -الفاتح
حقل البيانات ثابتة الطول 00341nam a2200133Ia 4500
008 - عناصر البيانات ثابتة الطول - معلومات عامة
حقل البيانات ثابتة الطول 140319s9999 xx 000 0 ara d
040 ## - مصدر الفهرسة
وكالة الفهرسة الأصلية GCL /
وكالة النسخ GCL
082 04 - رقم تصنيف ديوى العشرى
رقم التصنيف د
رقم المادة 050
100 1# - المدخل الرئيسى - إسم شخصى
الإسم الشخصى سلامة موسى
245 10 - بيان العنوان
العنوان هولاء علمونى (اقرا 349 ) /
بيان المسئوليه,etc سلامة موسى
300 ## - الوصف المادى
التعداد 255
490 ## - بيان السلسلة
عنوان السلسلة اقرأ
رقم المجلد/ التعيين التسلسلي 0
Holdings
حالة التراجع حالة الفقد حالة تلف ليس للاعارة المكان المؤقت الموقع الحالى تاريخ الاكتساب اجمالي اﻻعارات رقم الطلب الباركود تاريخ اخر مشاهدة تاريخ تفعيل السعر نوع وعاء كوها
        مكتبة القاهرة الكبرى مكتبة القاهرة الكبرى 03/26/2014   د\050 119077 03/26/2014 03/26/2014 كتاب

Powered By

EGPV